| 000 | 00721nam a2200181Ia 4500 | ||
|---|---|---|---|
| 003 | GCL | ||
| 008 | 140319s9999 xx 000 0 ara d | ||
| 040 |
_aGCL / _cGCL |
||
| 082 | 0 | 4 |
_a833 _bا ا |
| 100 | 1 | _aاحمد معوض | |
| 245 | 1 | 0 |
_aاضواء على جيتة ب / _cاحمد معوض |
| 260 |
_a[S.N] : _bالدار العربية للتوزيع والنشر ، _c1992 |
||
| 300 | _a175 ص | ||
| 490 | _a | ||
| 650 | 0 | 4 | _aالادب |
| 650 | 0 | 4 | _aالادب الالمانى |
| 942 |
_2ddc _cBK |
||
| 999 |
_c55401 _d55401 |
||